000
00254nam a22001097a 4500
082
_a
669.7 DEN'M
100
_a
DENNIS, W. H
_9
58325
245
_a
METALLURGY OF THE NON-FERROUS METALS
260
_a
LONDON
_b
SIR ISAAC
_c
1961
300
_a
711P
942
_c
BK
999
_c
568522
_d
568522